<?xml version="1.0" encoding="UTF-8"?>
<collection xmlns="http://www.loc.gov/MARC21/slim">
  <record>
    <leader>00000nam  2200000   4500</leader>
    <controlfield tag="001">INLIS000000000002468</controlfield>
    <controlfield tag="005">20180724145428</controlfield>
    <controlfield tag="008">180724|||||||||   |   |||   |||| ||   | </controlfield>
    <datafield tag="035" ind1=" " ind2=" ">
      <subfield code="0">010-0718002468</subfield>
    </datafield>
    <datafield tag="041" ind1=" " ind2=" ">
      <subfield code="a">id</subfield>
    </datafield>
    <datafield tag="082" ind1=" " ind2=" ">
      <subfield code="a">R. 35 PIM I 2017</subfield>
    </datafield>
    <datafield tag="090" ind1=" " ind2=" ">
      <subfield code="a">R. 35 PIM I 2017</subfield>
    </datafield>
    <datafield tag="100" ind1=" " ind2=" ">
      <subfield code="a">Lastika, Nyoman</subfield>
    </datafield>
    <datafield tag="245" ind1=" " ind2=" ">
      <subfield code="a">Peningkatan Transparansi Penerimaan Anggota Polri Melalui Keterbukaan Pengelolaan Data Hasil Seleksi (Studi Kasus: Polda Lampung</subfield>
    </datafield>
    <datafield tag="260" ind1=" " ind2=" ">
      <subfield code="a">Jakarta</subfield>
      <subfield code="b">LAN Jakarta</subfield>
      <subfield code="c">2017</subfield>
    </datafield>
    <datafield tag="300" ind1=" " ind2=" ">
      <subfield code="a">iv:, 40 hlm:, 30 cm</subfield>
    </datafield>
    <datafield tag="500" ind1=" " ind2=" ">
      <subfield code="a">Proyek perubahan ini bertujuan untuk melakukan perubahan pada proses seleksi untuk menjadi anggota polri.  Perubahan yang dimaksud dilakukan dalam hal pengelolaan data hasil seleksi.  Data hasil seleksi yang semula diumumkan di depan para peserta seleksi, dapat dialihkan menjadi data yang tidak hanya dapat di akses oleh peserta seleksi, tetapi juga oleh orang lain.  Hal tersebut dapat dilakukan dengan memanfaatkan teknologi informasi.  Informasi yang disajikan dengan memanfaatkan teknologi informasi tersebut kemudian dapat diunduh melalui aplikasi android.  &#13;
          Hasil tes tersebut juga dapat diakses melalui website sonikrim.net yang dapat diakses oleh masyarakat umum.  Dengan hal tersebut, para peserta seleksi dapat mengetahui hasil seleksi dengan lebih mudah.  Kemudahan yang di dapat oleh masyarakat dan peserta seleksi dalam mengakses hasil seleksi diharapkan dapat meningkatkan kepercayaan masyarakat terhadap polri.  Kemudahan tersebut juga diharapkan dapat mecegah terjadinya hal yang tidak diinginkan, seperti adanya oknum yang mengatasnamakan seleksi penerimaan anggota Polri.</subfield>
    </datafield>
    <datafield tag="650" ind1=" " ind2=" ">
      <subfield code="a">Peningkatan Sertifikat</subfield>
    </datafield>
  </record>
</collection>
